Science Quiz

Random Science or Math Quiz

6 Trigonometric Functions Quiz Stats

 Plays Quiz Updated Jul 20, 2017

Support Sporcle.
Go Orange.
Score 0/6 Timer 01:00
15 Plays Today
Function % Correct
Cosine
98.7%
Sine
98.7%
Tangent
96.8%
Cotangent
77.9%
Secant
62.2%
Cosecant
62%

You're not logged in!

Compare scores with friends on all Sporcle quizzes.
OR
Log In
Forgot?

From the Vault

A Song of Ice and Fire: Taking the Black

by Vespinito

They do say that black is very slimming.
Remove Ads.
Support Sporcle.
Get the best of Sporcle when you Go Orange. This ad-free experience offers more features, more stats, and more fun while also helping to support Sporcle. Thank you for becoming a member.

Show Comments

Extras

Top Quizzes Today


Score Distribution

Your Account Isn't Verified!

In order to create a playlist on Sporcle, you need to verify the email address you used during registration. Go to your Sporcle Settings to finish the process.

Report this User

Report this user for behavior that violates our Community Guidelines.

Details: